Statistiken für Länder mit der schlechtesten Demokratie

Klicken Sie hier um das Quiz zu spielen!

Allgemein

  • Dieses Quiz wurde 149 mal gespielt
  • Das Durchschnittsergebnis liegt bei 23 aus 35

Antwortstatistiken

PlatzLandPunkteKontinent% Korrekt
2.Nordkorea0,029Asien
92%
31.Russland0,262Europa
92%
4.China0,048Asien
90%
28.Iran0,25Asien
82%
9.Sudan0,064Afrika
78%
6.Syrien0,053Asien
77%
32.Republik Kongo0,266Afrika
76%
4.Saudi-Arabien0,048Asien
74%
6.Südsudan0,053Afrika
73%
20.Weißrussland0,139Europa
73%
3.Jemen0,041Asien
72%
12.Libyen0,095Afrika
72%
8.Katar0,054Asien
71%
10.Somalia0,082Afrika
71%
25.Tschad0,211Afrika
68%
16.Venezuela0,118Südamerika
68%
1.Eritrea0,017Afrika
66%
29.Oman0,251Asien
66%
30.Vietnam0,254
Asien
66%
24.Ägypten0,21Afrika
64%
21.Kuba0,165Nordamerika
64%
11.Turkmenistan0,09Asien
64%
13.Laos0,101Asien
63%
22.Vereinigte Arabische Emirate0,166Asien
63%
14.Tadschikistan0,111Asien
62%
33.
Usbekistan0,269Asien
62%
23.Kambodscha0,178Asien
58%
17.Burundi0,125Afrika
52%
18.Aserbaidschan0,136Asien
50%
19.Nicaragua0,137Nordamerika
50%
33.Ruanda0,269Afrika
50%
26.Bangladesch0,215Asien
45%
35.Guinea0,275Afrika
45%
15.Äquatorialguinea0,117Afrika
41%
27.Eswatini0,239Afrika
39%

Verteilung der Resultate

Perzentil nach korrekt beantworteten Fragen

Anzahl Personen mit jedem Resultat

Ihre Resultats-Entwicklung

Sie haben dieses Quiz noch nicht gespielt